000
00341 a2200169 4500
001
191119
020
_a
978-85-8217-411-1
040
_c
Magnum
100
_a
Cunha, Leo
240
1
0
_a
Abcenário
_l
por
245
1
0
_a
Abcenário
300
_a
30
362
0
_a
2014
440
1
_a
Autêntica
697
_a
LITERATURA INFANTIL
942
_c
BK
999
_c
191119
_d
191119